Giáo trình luật hành chính Việt Nam
Giáo trình trình bày những vấn đề cơ bản nhất về khoa học quản lý, các nguyên tắc trong quản lý nhà nước, các quy phạm và quan hệ pháp luật hành chính. Kiến thức về nội dung hình thức phương pháp quản lý song song với hình thức ban hành qu...
Guardado en:
| Autor principal: | |
|---|---|
| Formato: | Libro |
| Lenguaje: | Undetermined |
| Publicado: |
Cần Thơ
Trường Đại học Cần Thơ
2009
|
| Materias: | |
| Etiquetas: |
Agregar Etiqueta
Sin Etiquetas, Sea el primero en etiquetar este registro!
|
| Thư viện lưu trữ: | Trung tâm Học liệu Trường Đại học Cần Thơ |
|---|
| LEADER | 01130nam a2200229Ia 4500 | ||
|---|---|---|---|
| 001 | CTU_155453 | ||
| 008 | 210402s9999 xx 000 0 und d | ||
| 082 | |a 342.59706 | ||
| 082 | |b H305/P.2 | ||
| 100 | |a Phan, Trung Hiền | ||
| 245 | 0 | |a Giáo trình luật hành chính Việt Nam | |
| 245 | 0 | |c Phan Trung Hiền | |
| 260 | |a Cần Thơ | ||
| 260 | |b Trường Đại học Cần Thơ | ||
| 260 | |c 2009 | ||
| 520 | |a Giáo trình trình bày những vấn đề cơ bản nhất về khoa học quản lý, các nguyên tắc trong quản lý nhà nước, các quy phạm và quan hệ pháp luật hành chính. Kiến thức về nội dung hình thức phương pháp quản lý song song với hình thức ban hành quyết định hành chính,... | ||
| 526 | |a Pháp luật đất đai ứng dụng | ||
| 526 | |b NN784 | ||
| 650 | |a Administrative law,Admnistrative procedure,Luật hành chính | ||
| 650 | |z Vietnam,Vietnam,Việt Nam | ||
| 904 | |i Năm | ||
| 980 | |a Trung tâm Học liệu Trường Đại học Cần Thơ | ||